How to organise my Office (Record no. 137102)

MARC details
000 -LEADER
fixed length control field 00665nam a22002417a 4500
003 - CONTROL NUMBER IDENTIFIER
control field 0
005 - DATE AND TIME OF LATEST TRANSACTION
control field 20190128160412.0
008 - FIXED-LENGTH DATA ELEMENTS--GENERAL INFORMATION
fixed length control field 0
010 ## - LIBRARY OF CONGRESS CONTROL NUMBER
LC control number B-219039
020 ## - INTERNATIONAL STANDARD BOOK NUMBER
International Standard Book Number 8183820190
Terms of availability 95.00
035 ## - SYSTEM CONTROL NUMBER
System control number B-219039, B-219043, B-219066
037 ## - SOURCE OF ACQUISITION
Source of stock number/acquisition Cen Lib / Ret
040 ## - CATALOGING SOURCE
Original cataloging agency DPL
Language of cataloging EN
Transcribing agency 0
082 ## - DEWEY DECIMAL CLASSIFICATION NUMBER
Classification number 651.8
Item number SAM
100 ## - MAIN ENTRY--PERSONAL NAME
Personal name Samuel, Philip J.
245 ## - TITLE STATEMENT
Title How to organise my Office
Statement of responsibility, etc by Philip J. Samuel
260 ## - PUBLICATION, DISTRIBUTION, ETC. (IMPRINT)
Place of publication, distribution, etc New Delhi
Name of publisher, distributor, etc Lotus Press
Date of publication, distribution, etc 2006
270 ## - ADDRESS
Address 4263/3 Ansari Road, Darya Ganj
City New Delhi
Postal code 110002
300 ## - PHYSICAL DESCRIPTION
Extent 107p ;
Dimensions 27cm(Hb)
650 ## - SUBJECT ADDED ENTRY--TOPICAL TERM
Topical term or geographic name as entry element Management
650 ## - SUBJECT ADDED ENTRY--TOPICAL TERM
Topical term or geographic name as entry element Office management
942 ## - ADDED ENTRY ELEMENTS (KOHA)
Source of classification or shelving scheme Dewey Decimal Classification
Koha item type English Books
Classification part 651.8
Call number suffix SAM
Holdings
Withdrawn status Lost status Damaged status Not for loan Home library Current library Date acquired Source of acquisition Cost, normal purchase price Total Checkouts Full call number Barcode Date last seen Date checked out Copy number Cost, replacement price Price effective from Koha item type Source of classification or shelving scheme Collection code
        Central Library Central Library 16/03/2016 Cen Lib/Ret 95.00 4 651.8 SAM B-219039 03/01/2020 28/12/2019 1 95.00 16/03/2016 English Books    
        Patel Nagar Patel Nagar 05/07/2018 BPPD/Pub 95.00   651.8 SAM B-219043 05/07/2018   1 95.00 05/07/2018 English Books Dewey Decimal Classification Non-fiction
        Sarojini Nagar Sarojini Nagar 13/04/2019       651.8 SAM B-219050 13/04/2019       13/04/2019 English Books Dewey Decimal Classification Non-fiction
        Vigyan Vihar Vigyan Vihar 28/01/2019 BPPD/PUB 95.00   651.8 SAM B-219066 28/01/2019     95.00 28/01/2019 English Books Dewey Decimal Classification Non-fiction
        Yojana Vihar Yojana Vihar 11/07/2019 BPPD/PUB 95.00   651.8 SAM B-219065 11/07/2019   1 95.00 11/07/2019 English Books Dewey Decimal Classification Non-fiction

© Delhi Public Library
Hit Counter
free hit counter